Score 0/30 Timer 03:00
48 Plays Today
Trivia Question Answer % Correct
Which shape has 4 sides of identical length and four identically sized angles?square
96.8%
What is the largest US state in area?Alaska
86%
What food around the world is called käse, queso, fromage or paneer?cheese
83.4%
What does the B stand for in a BLT sandwich?bacon
82.8%
What is the past tense form of the verb 'to buy?'bought
81.9%
Which solar system planet is named for the Roman god of war?Mars
78.3%
In what city do football clubs West Ham United, Fulham, Chelsea and Arsenal play?London
77.1%
What word completes all these movies: Men in __, ___ Swan, ___ Hawk Down?Black
74.4%
What animal, which comes in a 2-toed or 3-toed variety, is also the name of a deadly sin?sloth
74.3%
What was the name of the spider that helped save the life of Wilbur the pig?Charlotte
72.9%
Which band's lineup has included Keith Richards and Mick Jagger since 1962?The Rolling Stones
72.8%
Which TV show has had judges in different countries including Adam Levine, Tom Jones, and Seal?The Voice
70.1%
Which part of the United Kingdom has its capital in Cardiff?Wales
69.9%
What is the arithmetic average of 10 and 100?55
69.6%
What is the formal name of the thighbone, the largest leg bone?femur
69.1%
Trivia Question Answer % Correct
What US president saw the Great Depression end and WWII begin on his watch?Franklin Roosevelt
67.7%
In which ocean will you find the country of Mauritius?Indian Ocean
66%
What Shakespearean play is the story of a thane who kills the king of Scotland?Macbeth
65.7%
What country's main islands are Honshu and Hokkaido?Japan
64.3%
Which online auction website is pronounced the same way as Pig Latin for a buzzing insect?eBay
64.2%
Dominica is the only country in the world to feature what color on its flag?purple
62.4%
Which author wrote Oliver Twist and Great Expectations?Charles Dickens
59.1%
What is the official language of Guinea?French
58%
Which Dutch painter's works include Sunflowers, Irises, and Starry Night?Vincent Van Gogh
54.2%
Who is the brother of Nintendo's plumbing Mario?Luigi
52.1%
What woodwind, from the Italian for small, is half the size of a flute?piccolo
51.2%
Which chemical element has the symbol Sn?tin
45.5%
What African country name ends with the letters 'li'?Mali
44%
In what city is the headquarters for the United Nations?New York
41.2%
In what country can two of the three holy sites of Islam, Mecca and Medina, be found?Saudi Arabia
33.6%
Remove Ads.
Support Sporcle.
Get the best of Sporcle when you Go Orange. This ad-free experience offers more features, more stats, and more fun while also helping to support Sporcle. Thank you for becoming a member.

You're not logged in!

Compare scores with friends on all Sporcle quizzes.
OR
Log In

Show Comments

Extras

Top Quizzes Today


Score Distribution

Your Account Isn't Verified!

In order to create a playlist on Sporcle, you need to verify the email address you used during registration. Go to your Sporcle Settings to finish the process.

Report this User

Report this user for behavior that violates our Community Guidelines.

Details: